[Event "IRT Club Caissa 2019"]
[Site "Guatemala"]
[Date "2019.01.13"]
[Round "9"]
[White "Zaragatski, Ilja"]
[Black "Juarez Flores, Carlos A."]
[Result "1-0"]
[WhiteElo "2465"]
[BlackElo "2377"]
[Annotator "TA"]
[PlyCount "107"]
[EventDate "2019.01.09"]
[EventType "swiss"]
[EventCountry "GUA"]
[SourceTitle "playchess.com"]
[Source "ChessBase"]
[SourceQuality "1"]

{[%evp 22,107,43,0,0,0,5,7,5,-18,0,0,0,-18,0,-21,-2,-19,-12,-23,0,0,0,0,0,0,0,0,0,0,50,0,0,4,7,7,23,9,16,7,22,14,98,32,161,168,158,160,165,168,163,170,228,231,377,376,1754,285,278,278,268,270,265,263,254,245,254,246,227,185,237,116,427,416,402,325,5414,3031,5551,6136,12819,5389,12838,12836,12830,6410,5405,2256]} 1. Nf3 d5 2. g3 c6 3. c4 Bg4 4. Bg2 e6 {[%cal Be7e6,Be6d5][%mdl 32]} 5. O-O Nd7 6. cxd5 exd5 7. d3 Ngf6 8. Nc3 Be7 9. h3 Bh5 10. e4 {A11: English Opening: 1...c6} dxe4 (10... O-O 11. exd5 Nxd5 12. Nxd5 cxd5 13. Be3 Bc5 14. d4 Bd6 15. Rc1 Re8 16. Re1 Nb6 17. g4 Bg6 18. Ne5 Be4 19. Qb3 Bxg2 20. Kxg2 h5 {0-1 (56) Meier,G (2650)-Karjakin,S (2760) Riadh 2017}) 11. dxe4 O-O 12. g4 {LiveBook: 3 Games. White is slightly better.} Bg6 13. Nd4 Bb4 14. f3 $146 ({Predecessor:} 14. Nf5 Re8 15. Qc2 Qa5 16. Bd2 Qa6 {½-½ (55) Eliseev,A (2454)-Yashtylov,A (2366) Moscow 2001}) 14... Re8 15. Re1 h6 16. Be3 Qc7 17. Rc1 Rad8 18. Kh1 Qb8 19. Qb3 Bd6 20. Rcd1 Bg3 21. Rf1 {[%cal Be1f1,Bf1f2,Bf2d2][%mdl 32]} Bc7 22. Bg1 Nf8 23. Rf2 Bh7 24. Rfd2 Bf4 25. Rd3 N6d7 {[%cal Bf6d7,Bd7e5,Be5d3][%mdl 32] next ...Ne5 is good for Black.} 26. Nde2 Bc7 27. R1d2 Ne5 28. Rxd8 Rxd8 29. Rxd8 Bxd8 30. f4 Nd3 31. e5 $36 {[%mdl 2048] White fights for an advantage.} Qc7 (31... Ne6 $11 {keeps the balance.}) 32. Be4 ({But not} 32. Bxa7 $6 b6 $11) ({Better is} 32. Ne4 $16 Nxf4 {[%mdl 64] Decoy} 33. Nxf4 Qxe5 34. Qc3 Qxf4 35. Bh2 Qxe4 36. Bxe4 Bxe4+ 37. Kg1) 32... a6 (32... Bxe4+ $14 33. Nxe4 Nxf4 {[%mdl 64] Decoy} 34. Nxf4 Qxe5) 33. Bxh7+ $1 $18 Nxh7 34. Ne4 Nxf4 35. Nxf4 Qxe5 36. Qe3 $1 Qxb2 (36... Bb6 $142 37. Qxb6 Qxe4+ 38. Ng2 Ng5) 37. Nd6 Nf6 {[#]} (37... Ng5 $142 38. Qe8+ {[%mdl 64] Double Attack} Kh7) 38. Nxf7 $1 {[%mdl 512]} Bc7 $2 {[#]} (38... Bb6 39. Nxh6+ gxh6 40. Qxb6 Qxb6 41. Bxb6 Kf7) (38... Kxf7 39. Qe6+) 39. Qe6 $2 (39. Nxh6+ $1 {[%mdl 512]} gxh6 40. Qe6+ Kh8 41. Qc8+ {[%mdl 64] Double Attack} Kh7 42. Qxc7+ Kg8 43. Ne6) 39... Bxf4 40. Ng5+ $1 (40. Ne5+ Kh7 $16) 40... Kh8 41. Qc8+ Ng8 42. Nf7+ Kh7 43. Qf5+ {[%mdl 64] Double Attack} g6 44. Qxf4 {Qc7 is the strong threat.} Qxa2 45. Be3 {Strongly threatening Qc7.} Qe6 {[#]} (45... Qa1+ $142 46. Kg2 Qf6 47. Qxf6 Nxf6) 46. Nxh6 (46. Qxh6+ $1 $18 {is the precise move to win.} Nxh6 47. Ng5+ {[%mdl 64] Double Attack} Kg8 48. Nxe6) 46... Qd5+ $2 {[%mdl 8192]} (46... Nf6 $16) 47. Kh2 g5 {[#]} 48. Nxg8 $1 gxf4 $2 (48... Qa2+ 49. Qf2 Qxf2+ 50. Bxf2 Kxg8) 49. Nf6+ {[%mdl 64] Double Attack. White is clearly winning.} Kh8 50. Nxd5 fxe3 51. Nxe3 a5 52. Kg3 b5 53. Kf3 b4 54. Ke4 {Accuracy: White = 60%, Black = 31%.} 1-0

[Event "IRT Club Caissa 2019"]
[Site "Guatemala"]
[Date "2019.01.13"]
[Round "9"]
[White "Calderin Gonzalez, Roberto"]
[Black "Cardenas Carbajal, Nilson"]
[Result "1-0"]
[WhiteElo "2427"]
[BlackElo "2095"]
[Annotator "TA"]
[PlyCount "67"]
[EventDate "2019.01.09"]
[EventType "swiss"]
[EventCountry "GUA"]
[SourceTitle "playchess.com"]
[Source "ChessBase"]
[SourceQuality "1"]

{[%evp 17,67,29,29,8,83,87,81,62,88,85,93,90,145,130,140,127,162,137,188,156,258,270,246,162,225,225,216,234,223,240,231,223,223,211,217,219,218,200,210,189,196,152,219,203,964,404,944,911,29981,29982,29981,29981]} 1. d4 Nf6 2. Nf3 d5 3. c4 g6 4. cxd5 Nxd5 5. e4 Nb6 6. h3 Bg7 7. Nc3 O-O 8. Be2 Nc6 9. d5 {D70: Grünfeld: Unusual White 3rd moves (met by ...d5)} (9. Be3 f5 10. exf5 Bxf5 11. O-O Qd6 12. Qd2 Rad8 13. Rad1 Kh8 14. Bh6 e5 15. Bxg7+ Kxg7 16. d5 Ne7 17. Nb5 Qf6 18. Nxc7 Nexd5 19. Nxd5 Nxd5 {0-1 (60) Shariyazdanov,A (2526)-Artemiev,V (2706) Sochi 2018}) 9... Na5 {LiveBook: 4 Games} 10. O-O e6 $146 (10... c6 $1 $11 {remains equal.}) ({Predecessor:} 10... c6 11. dxc6 Nxc6 12. Bg5 h6 13. Bf4 e5 14. Be3 Be6 15. Qc1 Kh7 16. Rd1 Qc8 {1-0 (39) Mollov,E (2380)-Serreau,D (2010) Orange 1994}) 11. Bg5 $16 {White is better.} f6 12. Be3 Nac4 13. Bc5 {And now Qb3 would win.} Re8 14. Qb3 Nd6 {[#]} (14... exd5 $142 15. Nxd5 Be6 16. Bxc4 Nxc4) 15. Nd4 $1 $36 {[%cal Rd5e6][%mdl 2048] White has strong initiative.} exd5 16. exd5 ({Much weaker is} 16. Nxd5 $6 Kh8 $11) 16... Kh8 17. Rfe1 Nd7 (17... Nf5 $16) 18. Ba3 $18 Ne5 (18... Nf8 $16 19. Ncb5 a6) 19. f4 Nef7 20. Bf3 Nf5 (20... Rxe1+ $142 21. Rxe1 Qd7) 21. Nxf5 Bxf5 22. Qxb7 Rxe1+ 23. Rxe1 {[%cal Ba1e1,Be1e7,Be7b7][%mdl 32]} Nd6 24. Bxd6 $1 cxd6 {[#]} 25. Re7 $1 {[%cal Re7g7]} Qb6+ 26. Qxb6 axb6 27. Rb7 Bh6 28. g3 (28. Rxb6 Bxf4 29. Kf2 Be5 $14) 28... Bxh3 29. Ne4 Bg7 (29... Bf8 $16 30. Rxb6 (30. Nxf6 Bg7 $14) 30... Rxa2) 30. Nxd6 {Threatens to win with Nf7+.} f5 $2 (30... Kg8 31. Nb5 (31. Rxb6 f5 $16) 31... Ra5) 31. Nf7+ Kg8 32. d6 Bf6 33. Bd5 Kf8 34. Ne5 {Precision: White = 92%, Black = 35%.} 1-0

[Event "IRT Club Caissa 2019"]
[Site "Guatemala"]
[Date "2019.01.13"]
[Round "9"]
[White "Morales Garcia, Sergio Joshafatt"]
[Black "Strikovic, Aleksa"]
[Result "0-1"]
[WhiteElo "2204"]
[BlackElo "2490"]
[Annotator "TA"]
[PlyCount "82"]
[EventDate "2019.01.09"]
[EventType "swiss"]
[EventCountry "GUA"]
[SourceTitle "playchess.com"]
[Source "ChessBase"]
[SourceQuality "1"]

{[%evp 27,82,-59,-54,-121,-138,-344,-339,-343,-223,-210,-208,-214,-219,-213,-218,-250,-245,-229,-233,-298,-290,-341,-355,-368,-365,-371,-360,-364,-334,-384,-384,-454,-327,-522,-518,-608,-601,-686,-545,-751,-744,-829,-787,-1013,-1016,-1016,-1016,-1013,-1005,-990,-954,-887,-879,-987,-754,-29980,-29982]} 1. d4 d6 2. Nf3 Nf6 3. Bf4 g6 4. h3 Bg7 5. e3 O-O 6. c3 c5 7. Nbd2 Nc6 8. Be2 cxd4 9. exd4 e5 10. dxe5 {A48: 1 d4 Nf6 2 Nf3 g6: Torre, London and Colle Systems} dxe5 11. Nxe5 (11. Bg5 h6 12. Bxf6 Qxf6 13. O-O Bf5 14. Nc4 Rad8 15. Qb3 e4 16. Nh2 Qe7 17. Bg4 Bxg4 18. Nxg4 {½-½ (35) Megaranto,S (2524)-Saric,I (2639) Biel 2013}) 11... Nd5 12. Nxc6 bxc6 13. Bh2 Re8 14. O-O Bxc3 $1 {LiveBook: 5 Games} 15. bxc3 ({White should play} 15. Bc4 $15 Bxb2 16. Rb1) 15... Nxc3 $17 {[%mdl 64] [#] Double Attack} 16. Bf3 $146 (16. Qc2 $17 Nxe2+ 17. Kh1) ({Predecessor:} 16. Qc2 Nxe2+ 17. Kh1 Bf5 {0-1 (32) Azzoug,S (1587)-Simonet,D (2017) ICCF email 2016}) 16... Nxd1 $19 17. Rfxd1 Qf6 18. Ne4 {[#]} Rxe4 $1 19. Bxe4 Bf5 20. Bxf5 Qxf5 21. Rac1 Rc8 22. Re1 c5 23. Be5 Re8 24. Bc3 {[%cal Re1e8]} Rxe1+ 25. Bxe1 {[%mdl 4096] Endgame KQ-KRB} Qd5 26. a3 f6 27. Rc3 Kf7 28. Re3 g5 29. g4 Kg6 30. Kh2 (30. Bc3 $142) 30... h5 {[%cal Bh7h5,Bh5h4][%mdl 32]} 31. Kg1 Qd1 32. f3 Qd4 33. Kf2 h4 34. Bc3 Qd6 35. f4 gxf4 36. Rf3 f5 37. g5 Kxg5 38. Ke2 Qe6+ 39. Kf2 Qa2+ 40. Kg1 Qc2 41. Be1 Qe2 {Accuracy: White = 19%, Black = 89%.} 0-1

[Event "IRT Club Caissa 2019"]
[Site "Guatemala"]
[Date "2019.01.13"]
[Round "9"]
[White "Gongora Montes, Benjamin"]
[Black "Mareco, Sandro"]
[Result "0-1"]
[WhiteElo "2143"]
[BlackElo "2661"]
[Annotator "TA"]
[PlyCount "66"]
[EventDate "2019.01.09"]
[EventType "swiss"]
[EventCountry "GUA"]
[SourceTitle "playchess.com"]
[Source "ChessBase"]
[SourceQuality "1"]

{[%evp 17,66,-15,-36,-19,-23,-29,-12,-77,-13,-81,-79,-79,-62,-142,-130,-133,-149,-157,-152,-146,-148,-149,-144,-138,-156,-202,-198,-234,-226,-232,-248,-249,-250,-308,-319,-349,-359,-344,-296,-356,-356,-496,-494,-452,-435,-630,-577,-591,-582,-582,-577]} 1. d4 Nf6 2. Nf3 e6 3. Bg5 h6 4. Bh4 b6 5. Nbd2 Bb7 6. e3 Be7 7. Bd3 g5 {A46: 1 d4 Nf6 2 Nf3 e6: Torre, London and Colle Systems} (7... d6 8. c3 Nbd7 9. Qe2 a6 10. e4 Nh5 11. Bg3 c5 12. Rd1 Qc7 13. a3 b5 14. O-O Nxg3 15. hxg3 e5 {0-1 (48) Grandelius,N (2643)-Zhigalko,S (2671) Tallinn 2016}) 8. Bg3 g4 9. Ne5 h5 $1 {LiveBook: 10 Games. The position is equal.} 10. f3 {[%cal Rf3g4]} d6 11. Nec4 Nc6 12. Qe2 (12. fxg4 $11 {keeps the balance.} Nxg4 13. O-O) 12... Qd7 $146 (12... h4 $17 13. Bf2 h3) ({Predecessor:} 12... Nb4 13. Rf1 Qd7 14. e4 O-O-O 15. Ne3 Nxd3+ 16. cxd3 {½-½ (32) Motl,M (2203)-Waelzel,H (2249) Bayern 2014}) 13. O-O-O (13. fxg4 $11 {remains equal.} hxg4 14. O-O) 13... Nb4 14. Kb1 O-O-O 15. c3 (15. Bh4 $15) 15... Nxd3 $17 16. Qxd3 h4 $36 {[%mdl 2048] Keeping White busy.} 17. Bf2 h3 18. gxh3 Rxh3 19. Bg3 gxf3 20. e4 Nh5 21. Qxf3 {[#]} f5 $1 22. Qg2 Nxg3 23. Qxh3 Nxh1 24. Rxh1 fxe4 {Hoping for ...e3!} 25. Qe3 {[#]} e5 $1 {[%mdl 512]} 26. h4 (26. dxe5 d5) 26... exd4 27. cxd4 Qg4 28. h5 Rh8 29. h6 Bg5 {Black is clearly winning.} 30. Qc3 {If White can now play Nxd6+ this consolidates a bit.} Rxh6 31. Rxh6 (31. Rc1 $142 Kb8 32. Ne3) 31... Qd1+ 32. Qc1 Qxc1+ 33. Kxc1 {And now Rh5 would win.} Bxh6 {Accuracy: White = 36%, Black = 68%.} 0-1

[Event "IRT Club Caissa 2019"]
[Site "Guatemala"]
[Date "2019.01.13"]
[Round "9"]
[White "Chinchilla, Alejandro Jose"]
[Black "Gonzalez Zamora, Juan Carlos"]
[Result "0-1"]
[WhiteElo "2128"]
[BlackElo "2529"]
[Annotator "TA"]
[PlyCount "82"]
[EventDate "2019.01.09"]
[EventType "swiss"]
[EventCountry "GUA"]
[SourceTitle "playchess.com"]
[Source "ChessBase"]
[SourceQuality "1"]

{[%evp 11,82,-3,4,-7,-3,-8,4,-27,-24,-74,-16,-69,-1,-39,24,37,31,32,33,44,39,30,93,89,101,97,100,97,118,58,59,4,7,1,19,10,31,-41,-30,-33,-33,-21,92,-205,-206,-206,-197,-236,-213,-206,-192,-195,-193,-208,-205,-213,-202,-645,-646,-622,-629,-624,-614,-608,-590,-566,-553,-505,-198,-29985,-29984,-29983,-29983]} 1. e4 c5 2. Nf3 e6 3. b3 d6 4. Bb2 Nf6 5. Nc3 a6 6. d4 {B50: Sicilian: 2...d6, Miscellaneous} cxd4 {LiveBook: 4 Games} 7. Qxd4 Nc6 8. Qd2 {The position is equal.} b5 $146 ({Predecessor:} 8... Be7 9. Bd3 O-O 10. O-O b5 11. Rfe1 Bb7 12. Ne2 Qc7 {0-1 (51) Mikhailovsky,V (2185)-Maletin,P (2586) Sochi 2018}) 9. a3 Bb7 10. O-O-O Be7 (10... Rc8 $17) 11. g4 $11 {[%cal Bg2g4,Bg4g5][%mdl 32]} Qb6 (11... b4 $15 12. axb4 Nxb4) 12. Rg1 O-O-O (12... Ne5 $15 13. Bg2 (13. Nxe5 dxe5 14. Kb1 O-O $15) 13... Nfxg4) 13. g5 Nd7 14. Rg3 Kb8 15. Bg2 Rc8 16. Kb1 Nde5 (16... Nc5 $11) 17. Ne1 $16 Nd7 18. f4 Nc5 19. Nd3 Rhg8 20. Rh3 (20. Qf2 $16) 20... h6 $14 21. Nxc5 (21. gxh6 $14 gxh6 22. Bf1) 21... dxc5 $11 22. gxh6 gxh6 23. Rxh6 c4 24. Bf3 (24. Nd5 $14 exd5 25. exd5) 24... cxb3 25. cxb3 {Black should prevent Nd5!} Rcd8 $36 {[%mdl 2048] Black is more active.} 26. Qe1 {White wants to play Nd5!} b4 {[#]} (26... Nd4 $11 {keeps the balance.} 27. Qe3 Qc5) 27. Na4 $2 {[%mdl 8192] [#]} (27. Nd5 $1 $16 {[%cal Rd5b6][%mdl 512]} exd5 28. exd5 bxa3 29. dxc6 Rxd1+ 30. Bxd1 axb2 31. Qxe7 {[%mdl 64] Double Attack} Bxc6 32. Qd6+ (32. Kxb2 $2 Qd4+ {[%mdl 64] Double Attack} 33. Ka2 Rg2+ 34. Be2 Bb7 $19) 32... Kb7 33. Kxb2) 27... Rxd1+ $1 $19 {[%mdl 64] Overworked Piece} 28. Qxd1 Qf2 {Hoping for ...Rg1.} 29. Rh8 Rxh8 30. Bxh8 bxa3 {Threatens to win with ...f6.} 31. Bc3 Nb4 ({But not} 31... Qxh2 32. f5 $17) 32. Bxb4 Bxb4 33. Qd8+ Ka7 34. Qc7 $2 (34. Qd1) 34... Qg1+ (34... Qxf3 35. Qb6+ Kb8 36. Qd8+ Bc8 37. Qb6+ Bb7 38. Qd8+ Bc8 39. Qb6+ Bb7 $11) 35. Ka2 Qxh2+ 36. Ka1 {Qb6+ is the strong threat.} Qg1+ 37. Ka2 Qf2+ 38. Ka1 Qd4+ ({And not} 38... Qxf3 39. Qb6+ Kb8 40. Qd8+ Bc8 41. Qb6+ Bb7 42. Qd8+ Bc8 43. Qb6+ Bb7 $11) 39. Ka2 {intending e5.} Bd6 $2 (39... a5 40. Qc2 {[#]} f5 $1 {[%mdl 512]}) 40. Qxf7 $2 (40. Qc2 $19) 40... Qf2+ {[%mdl 64] Double Attack} 41. Ka1 Bc5 {Accuracy: White = 38%, Black = 46%.} 0-1